000
00207 a2200097 4500
001
45378
100
_a
Muhammad Tufail
245
_a
Naqoosh
260
_a
Lahore
_b
Idra Ferokh Urdu
_c
090
_c
28539
_d
28539
942
_a
NUST-CAE
_c
M
_c
20601
999
_c
280451
_d
280451